Central Library OPAC University of Rajshahi
Normal view MARC view

Entry Topical Term

Number of records used in: 5

001 - CONTROL NUMBER

  • control field: 7078

003 - CONTROL NUMBER IDENTIFIER

  • control field: BD-RjUL

005 - DATE AND TIME OF LATEST TRANSACTION

  • control field: 20230225175811.0

008 - FIXED-LENGTH DATA ELEMENTS

  • fixed length control field: 230225|| aca||aabn | a|a d

040 ## - CATALOGING SOURCE

  • Original cataloging agency: BD-RjUL
  • Transcribing agency: BD-RjUL

150 ## - HEADING--TOPICAL TERM

  • Topical term or geographic name entry element: Advertising
  • Form subdivision: Advertising and public relations
  • Geographic subdivision: Bangladesh

670 ## - SOURCE DATA FOUND

  • Source citation: Work cat.: (BD-RjUL)81260: Sarker, Md. Omar Faruk 1374, Role of advertising agencies in raising marketing efficiency of private and public sector enterprises in Bangladesh /, 2013